000 00437nam a2200181Ia 4500
001 8827
005 20260306160638.0
008 260306t1972||||xx |||||||||||||| ||spa||
041 _aESP
082 _a371.4
_bC68
100 _aClaparede, E.
_eAUT
245 0 _aCómo diagnosticar las aptitudes en los escolares
260 _c1972
300 _a292 páginas :
_c21 cm.
650 _aGEN
654 _aCED
942 _cLIB
_dJUS
_fJUS
_2ddc
_n
999 _c8827
_d8827